Časový manažment v práci manažéra bakalárska práca

Gespeichert in:
Bibliographische Detailangaben
1. Verfasser: Buldrová, Monika
Körperschaft: Fakulta podnikového manažmentu EU. Katedra manažmentu
Weitere Verfasser: Thomasová, Elena
Format: Buch
Sprache:Slowakisch
Veröffentlicht: Bratislava 2009
Tags: Tag hinzufügen
Keine Tags, Fügen Sie das erste Tag hinzu!

MARC

LEADER 00000nam$a2200000$$$4500
001 0103380
005 20240320074914.2
041 0 |a slo 
044 |a SK 
245 1 0 |a Časový manažment v práci manažéra  |b bakalárska práca  |c Monika Buldrová ; škol. Elena Thomasová 
264 1 |a Bratislava  |c 2009 
300 |a 37 s. 
100 1 |a Buldrová, Monika 
700 1 |a Thomasová, Elena 
710 2 |a Fakulta podnikového manažmentu EU. Katedra manažmentu